000 00851nam a2200265Ia 4500
003 OSt
005 20221006152028.0
006 a|||||r|||| 00| 0
007 ta
008 221006b |||||||| |||| 00| 0 chi d
020 _a9787561910139
_cYu 48.00
024 _a24,259
037 _bGift, NOCFL
_cTextual
040 _aEASL
_cEASL
_bchi
041 _2chi
_achi
082 _aP41, P2
100 _aGUO JIA DUI WAI HAIYU JIAO XUE CING DAOIAO ZU BAN GONG SHI
_9660600
245 0 _aGao deng xue Jiao wai guo liu xue sheng han yu yan zhuan ye jiao xiao da gong, 2 Vols.
260 _aBeijing
_bYu Yan Wen Hua Da Xue Chu
_c2002
300 _a223p.
_ccm.
490 _v CL
650 _aCL
_9642733
942 _hP41, P2
_cTEXL
_2CC
999 _c1092345
_d1092345